00698nam a22001817a 4500999001900000005001700019008004100036020001500077245018200092250002200274260006000296300002800356490001300384504002800397651004200425700003600467942001300503 c112783d11278320180504150330.0180504t2003 ag gr|||| 000 0 spa|| a950808395600aIntelectuales y política en América Latina b : el desencantamiento del espiritu crítico c / Wilhelm Hofmeister, H.C.F. Mansilla (ed.) ; O. Chávez Zamorano ... [et al.] aPrimera edición aRosario, Santa Fe ; Argentina :bHomo Sapiens, c©2003 a269 páginas ;c23 cm.0 aPoliteia aIncluye bibliografías 4aLatinoamerica xPolítica y gobierno1 aHofmeister, Wilhelm, eeditores 2lcccLIB